| 000 | 01095cam a2200253 a 4500 | ||
|---|---|---|---|
| 001 | lethesull00sull | ||
| 003 | CaSfIA | ||
| 005 | 20210118163754.0 | ||
| 007 | cr|||| | ||
| 008 | 970201s1995 xxu | 000 ||eng|d | ||
| 020 | _a0553568582 | ||
| 035 | _a(UK-BiTAL)9d9d0f92c1f140eabf8fc8eef26e62a5 | ||
| 035 | _a()0553568582 | ||
| 040 |
_aIS _cIS _dUK-BiTAL _dBIBLIOS _dCaSfIA |
||
| 100 | 1 | _aSullivan, Tricia. | |
| 245 | 0 | 0 |
_aLethe / _h[electronic resource] _cTricia Sullivan. |
| 260 |
_aNew York : _bBantam, _c1995. |
||
| 300 | _a398p. | ||
| 856 | 4 | 1 |
_uhttp://www.archive.org/details/lethesull00sull _zFree eBook from the Internet Archive |
| 856 | 4 | 2 |
_uhttp://www.openlibrary.org/books/OL7829500M _zAdditional information and access via Open Library |
| 942 | _cEB | ||
| 506 | _fНеобхідна авторизація на https://archive.org/ (створення облікового запису безкоштовно) | ||
| 506 | _fНеобхідна авторизація на https://openlibrary.org/ (створення облікового запису безкоштовно) | ||
| 999 |
_c518132 _d518132 |
||